MARC

LEADER 00000nam0a2200000 4500
001 81874
005 20231031095403.0
035 |a (RuTPU)RU\TPU\book\88003 
090 |a 81874 
100 |a 20050924d1972 m y0rusy50 ca 
101 0 |a rus 
102 |a RU 
105 |a a z 001zy 
200 1 |a Технический кремний  |f С. И. Венгин, А. С. Чистяков 
210 |a Москва  |c Металлургия  |d 1972 
215 |a 206 с.  |c ил. 
320 |a Библиогр.: с. 204 
610 1 |a металлургия 
610 1 |a электрометаллургия 
610 1 |a кремний 
610 1 |a плавка 
610 1 |a обоснование 
610 1 |a металлургические печи 
675 |a 669.782  |v 3 
700 1 |a Венгин  |b С. И.  |g Сергей Иванович 
701 1 |a Чистяков  |b А. С.  |g Александр Степанович 
801 1 |a RU  |b 63413507  |c 20050924  |g PSBO 
801 2 |a RU  |b 63413507  |c 20051103  |g PSBO 
942 |c BK